[Event "It (open)"]
[Site "masterchessopen.com Bled (Slovenia)"]
[Round "2"]
[White "Bu Xiangzhi (CHN)"]
[Black "Hoelzl Franz (AUT)"]
[Result "1-0"]
[WhiteElo "2570"]
[BlackElo "2394"]

1.d4 Nf6 2.c4 e6 3.Nc3 Bb4 4.e3 c5 5.Ne2 cxd4 6.exd4 O-O 7.a3 Be7 8.Nf4 d5
9.Be3 dxc4 10.Bxc4 Nbd7 11.Ba2 Nb6 12.Qf3 Rb8 13.O-O Bd7 14.d5 e5 15.Nh5 Nxh5
16.Qxh5 Bf6 17.Ne4 Bb5 18.Rfd1 g6 19.Qf3 Bg7 20.Bc5 f5 21.Bxf8 Qxf8 22.d6+ Kh8
23.Ng5 e4 24.Qf4 h6 25.Ne6 Qf6 26.d7 {#r} 1-0

[Event "It (open)"]
[Site "masterchessopen.com Bled (Slovenia)"]
[Round "7"]
[White "Sitnik Igor (SLO)"]
[Black "Illijin Neboisa (ROM)"]
[Result "1-0"]
[WhiteElo "2336"]
[BlackElo "2258"]

1.d4 Nf6 2.c4 e6 3.Nc3 Bb4 4.e3 c5 5.Ne2 cxd4 6.exd4 d5 7.a3 Be7 8.c5 O-O 9.g3
b6 10.b4 a5 11.Rb1 axb4 12.axb4 bxc5 13.dxc5 e5 14.Bg2 Be6 15.O-O Ra7 16.f4
exf4 17.Bxf4 Rd7 18.Nd4 Ne4 19.Nxe4 dxe4 20.Nxe6 Rxd1 21.Nxd8 Rdxd8 22.Rfe1
Na6 23.Bxe4 Rd4 24.Bb7 Nxb4 25.c6 g5 26.Be3 Rd3 {#r} 1-0

[Event "Cup Russia (open)"]
[Site "masterchessopen.com Bor (Russia)"]
[Round "6"]
[White "Akobian Varuzhan (USA)"]
[Black "Bocharov Dmitry (RUS)"]
[Result "0-1"]
[WhiteElo "2438"]
[BlackElo "2438"]

1.d4 Nf6 2.c4 e6 3.Nc3 Bb4 4.e3 c5 5.Ne2 cxd4 6.exd4 d5 7.a3 Bxc3+ 8.Nxc3 Nc6
9.c5 O-O 10.Bb5 e5 11.dxe5 Nxe5 12.Qd4 Bd7 13.O-O Bxb5 14.Nxb5 Nc6 15.Qd3 Ne4
16.b4 a6 17.Nc3 Nxc3 18.Qxc3 d4 19.Qf3 Re8 20.Bf4 Qd7 21.Rab1 Rad8 22.a4 Ne5
23.Qb3 Qf5 24.Bg3 d3 25.b5 axb5 26.axb5 d2 27.h3 g6 28.Rfd1 Nc4 29.Kh2 Qxc5
30.Qc3 Qd5 31.Qf6 Re2 32.Rg1 Rde8 {#R} 0-1

[Event "Cup Russia (open)"]
[Site "masterchessopen.com Bor (Russia)"]
[Round "1"]
[White "Pakhomov Alexey (RUS)"]
[Black "Voitsekhovsky Stanislav (RUS)"]
[Result "0-1"]
[WhiteElo "2301"]
[BlackElo "2516"]

1.d4 Nf6 2.c4 e6 3.Nc3 Bb4 4.e3 c5 5.Ne2 cxd4 6.exd4 d5 7.c5 O-O 8.a3 Bxc3+
9.Nxc3 b6 10.Be2 bxc5 11.dxc5 Nc6 12.O-O a5 13.Qa4 Bd7 14.Bb5 Rc8 15.Rd1 Qe7
16.Be3 Rfd8 17.b4 Ng4 18.Bf4 Qf6 19.Ne2 e5 20.Bg3 d4 21.Bxc6 Bxc6 22.b5 Bd5
23.c6 Qf5 24.Re1 Ne3 25.Nc3 Bxg2 26.Rxe3 Bh3 27.Nd1 dxe3 28.Nxe3 Qf3 29.Qc2 f6
30.Rc1 Rd6 31.c7 Qb7 32.f4 Rd7 33.Qb3+ Kh8 34.b6 Rdxc7 {#R} 0-1

[Event "It (open)"]
[Site "masterchessopen.com Cannes (France)"]
[Round "5"]
[White "Moutaux Robert (FRA)"]
[Black "Grandmougin Olivier (FRA)"]
[Result "1-0"]
[WhiteElo "1824"]
[BlackElo "2132"]

1.d4 Nf6 2.c4 e6 3.Nc3 Bb4 4.e3 c5 5.Ne2 cxd4 6.exd4 d5 7.a3 Be7 8.Nf4 O-O
9.cxd5 exd5 10.Bd3 b6 11.O-O Bb7 12.Re1 Nc6 13.Be3 Na5 14.Rc1 Nc4 15.Ncxd5
Nxb2 16.Nxf6+ Bxf6 17.Bxh7+ Kxh7 18.Qc2+ g6 19.Qxb2 Kg7 20.Qd2 Rh8 21.d5 Qd6
22.Bd4 Rac8 23.Bxf6+ Qxf6 24.d6 Rxc1 25.Rxc1 Rd8 26.Rd1 Qe5 27.h4 Bc6 28.Nh3
Qf6 29.Ng5 Ba4 30.Ne4 Qe5 31.Re1 Bc6 32.f4 Qe6 33.Qc3+ {#r} 1-0

[Event "It (open) \"]
[Site "masterchessopen.com Copenhagen (Denmark)"]
[Round "1"]
[White "Nilssen John Arni (FAI)"]
[Black "Bering Anders (DEN)"]
[Result "1-0"]
[WhiteElo "2354"]
[BlackElo "2019"]

1.d4 Nf6 2.c4 e6 3.Nc3 Bb4 4.e3 c5 5.Ne2 cxd4 6.exd4 d5 7.a3 Be7 8.Nf4 Nc6
9.cxd5 exd5 10.Be3 O-O 11.Bd3 Ng4 12.O-O Bd6 13.h3 Nxe3 14.fxe3 Qg5 15.Ncxd5
Bxh3 16.Qc2 g6 17.Nxh3 Qxd5 18.Bc4 Qh5 19.Rxf7 Rxf7 20.Bxf7+ {#r} 1-0

[Event "It (open)"]
[Site "masterchessopen.com Dieren (Netherlands)"]
[Round "6"]
[White "Van Den Bersselaar Jeroen (NED)"]
[Black "Plasman Hans (NED)"]
[Result "0-1"]
[WhiteElo "2065"]
[BlackElo "2218"]

1.d4 Nf6 2.c4 e6 3.Nc3 Bb4 4.e3 c5 5.Ne2 cxd4 6.exd4 O-O 7.c5 d6 8.a3 Bxc3+
9.Nxc3 Bd7 10.Bg5 Bc6 11.Qc2 h6 12.Bh4 dxc5 13.dxc5 Qd4 14.Bxf6 Qxf6 15.b4
Qe5+ 16.Be2 Bxg2 17.Rg1 Qxh2 18.O-O-O Qf4+ 19.Rd2 Qxf2 20.Qd1 Bc6 21.Bd3 Qf6
22.Kc2 Nd7 23.Rh2 Ne5 24.Be4 Qf4 25.Qe2 Bxe4+ 26.Nxe4 Nf3 27.Nf6+ Qxf6 {#R}
0-1

[Event "Ch England (team) 1999/00 (2 div)"]
[Site "masterchessopen.com England"]
[Round "9"]
[White "Wise David (ENG)"]
[Black "Dickinson Timothy R (ENG)"]
[Result "1-0"]
[WhiteElo "2173"]
[BlackElo "2140"]

1.d4 e6 2.c4 Nf6 3.Nc3 Bb4 4.e3 c5 5.Ne2 cxd4 6.exd4 d5 7.c5 Ne4 8.Bd2 Nxd2
9.Qxd2 O-O 10.a3 Bxc3 11.Nxc3 a5 12.Be2 Bd7 13.O-O a4 14.f4 b6 15.f5 f6
16.fxe6 Bxe6 17.Rad1 Nd7 18.c6 Nb8 19.Bb5 Qd6 20.Bxa4 Nxc6 21.Bc2 Bf7 22.Nb5
Qb8 23.Bd3 Ne7 24.Rc1 Rc8 25.Rce1 Re8 26.g3 Nc8 27.Rc1 Re7 28.Qc2 h6 29.Nc7
Ra7 30.Na6 {#r} 1-0

[Event "It (open)"]
[Site "masterchessopen.com Genoa (Italy)"]
[Round "5"]
[White "Giessmann Stephan (GER)"]
[Black "Lanzani Mario (ITA)"]
[Result "0-1"]
[WhiteElo "2237"]
[BlackElo "2419"]

1.d4 Nf6 2.c4 e6 3.Nc3 Bb4 4.e3 c5 5.Ne2 b6 6.a3 Ba5 7.Qc2 Bb7 8.Nf4 Nc6 9.d5
Ne5 10.e4 b5 11.cxb5 exd5 12.Nxd5 Nxd5 13.exd5 Bxd5 14.Bf4 Qf6 15.b4 cxb4
16.Nxd5 b3+ 17.Bd2 Nf3+ 18.gxf3 Qxa1+ 19.Qd1 Bxd2+ 20.Kxd2 Qa2+ 21.Ke1 O-O
22.Bd3 b2 23.Kf1 Qxd5 {#R} 0-1

[Event "It (open)"]
[Site "masterchessopen.com Hallstahammar (Sweden)"]
[Round "0"]
[White "Pettersson Anders (SWE)"]
[Black "Berg Emanuel (SWE)"]
[Result "0-1"]
[WhiteElo "2205"]
[BlackElo "2456"]

1.d4 e6 2.c4 Nf6 3.Nc3 Bb4 4.e3 c5 5.Ne2 cxd4 6.exd4 d5 7.c5 O-O 8.a3 Bxc3+
9.Nxc3 b6 10.b4 bxc5 11.dxc5 Nc6 12.Bb5 Bd7 13.O-O Ne5 14.Bxd7 Nfxd7 15.Re1
Qh4 16.h3 Qc4 17.Bd2 a5 18.Rb1 axb4 19.axb4 Nd3 20.Re3 d4 21.Rg3 dxc3 22.Bh6
c2 23.Rxg7+ Kh8 24.Qh5 cxb1=Q+ 25.Kh2 Nxf2 {#R} 0-1

[Event "Ch Hungary (team) 1999/00 (2 liga)"]
[Site "masterchessopen.com Hungary"]
[Round "9"]
[White "Kis Bela (HUN)"]
[Black "Szalai Kornel (HUN)"]
[Result "1-0"]
[WhiteElo "2215"]
[BlackElo "2234"]

1.d4 Nf6 2.c4 e6 3.Nc3 Bb4 4.e3 c5 5.Ne2 b6 6.a3 Ba5 7.Rb1 Bxc3+ 8.Nxc3 Bb7
9.dxc5 bxc5 10.Qd6 Qe7 11.Nb5 Na6 12.f3 Bc6 13.e4 Bxb5 14.Qxe7+ Kxe7 15.cxb5
Nc7 16.Be3 d6 17.b4 cxb4 18.Rxb4 Nd7 19.a4 d5 20.Be2 e5 21.O-O d4 22.Bd2 Rac8
23.a5 Rb8 24.Rb2 Ne8 25.Rc1 Rb7 26.Rc8 Rf8 27.Bb4+ Nd6 28.Rc6 {#r} 1-0

[Event "Memorial Victor Syre (open)"]
[Site "masterchessopen.com Issy Les Moulineaux (France)"]
[Round "3"]
[White "Drogou Gerard (FRA)"]
[Black "Schott Raimund (FRA)"]
[Result "0-1"]
[WhiteElo "2131"]
[BlackElo "2046"]

1.d4 Nf6 2.c4 e6 3.Nc3 Bb4 4.e3 c5 5.Ne2 O-O 6.a3 cxd4 7.exd4 Ba5 8.Bg5 h6
9.Bh4 d6 10.b4 Bb6 11.c5 dxc5 12.dxc5 Bc7 13.Qxd8 Bxd8 14.Nb5 a5 15.Nd6 axb4
16.Nxc8 Rxa3 17.Rb1 Na6 18.Nd6 Nxc5 19.Nc1 g5 20.Bg3 Nd5 21.Nb5 Ba5 22.Bc4 b3+
23.Ke2 Ra4 24.Bxd5 exd5 25.Rd1 Re8+ 26.Kf1 Rb4 27.Nc7 Ree4 28.h3 Rbd4 29.Rxd4
Rxd4 30.Nxb3 Nxb3 31.Rxb3 Rd1+ 32.Ke2 Rd2+ 33.Ke3 h5 34.h4 d4+ {#R} 0-1

[Event "Cup Russia (open)"]
[Site "masterchessopen.com Moscow (Russia)"]
[Round "3"]
[White "Mitenkov Alexey (RUS)"]
[Black "Nikolenko Oleg (RUS)"]
[Result "0-1"]
[WhiteElo "2428"]
[BlackElo "2527"]

1.d4 Nf6 2.c4 e6 3.Nc3 Bb4 4.e3 c5 5.Ne2 b6 6.a3 Ba5 7.Rb1 Na6 8.Qa4 Bb7 9.b4
Bc6 10.Nb5 cxb4 11.axb4 Nxb4 12.Rxb4 a6 13.Nd6+ Ke7 14.Qa3 Kxd6 15.Bd2 Kc7
16.Rb2 Bxd2+ 17.Rxd2 d6 18.Nc3 Qe7 19.Rb2 Rhb8 20.Bd3 Kd8 21.O-O d5 22.c5 bxc5
23.Rxb8+ Rxb8 24.dxc5 Qc7 25.Bxa6 Ra8 26.Rb1 Nd7 27.Nb5 Qb8 28.Qa5+ Ke7 29.Rb4
Bxb5 30.Rxb5 Qa7 31.c6 Qxa6 32.Qb4+ Kd8 33.cxd7 Qxb5 {#R} 0-1

[Event "Ch Netherlands (team) 2000"]
[Site "masterchessopen.com Netherlands"]
[Round "6"]
[White "Van Kooten Luuk (NED)"]
[Black "Hoogendoorn Joost (NED)"]
[Result "0-1"]
[WhiteElo "2292"]
[BlackElo "2358"]

1.d4 Nf6 2.c4 e6 3.Nc3 Bb4 4.e3 c5 5.Ne2 cxd4 6.exd4 d5 7.c5 O-O 8.a3 Bxc3+
9.Nxc3 a5 10.Bd3 Nc6 11.O-O b6 12.cxb6 Qxb6 13.Be3 Ba6 14.Na4 Qc7 15.Bxa6 Rxa6
16.g3 e5 17.dxe5 Qxe5 18.Qd3 Raa8 19.Rac1 Qe6 20.f4 Ng4 21.Bc5 Rfe8 22.h3 Nf6
23.Kg2 d4 24.Nb6 Rad8 25.b4 axb4 26.Rfe1 Qa2+ 27.Rc2 Qxc2+ 28.Qxc2 Rxe1
29.Bxb4 Nxb4 30.axb4 d3 31.Qc7 Rde8 32.Nc4 d2 {#R} 0-1

[Event "Ch Russia (1/2 final)"]
[Site "masterchessopen.com Orsk (Russia)"]
[Round "11"]
[White "Galianina-Ryjanova Julia (RUS)"]
[Black "Fokin Sergey (RUS)"]
[Result "1-0"]
[WhiteElo "2363"]
[BlackElo "2368"]

1.d4 Nf6 2.c4 e6 3.Nc3 Bb4 4.e3 c5 5.Ne2 d5 6.a3 Bxc3+ 7.Nxc3 cxd4 8.exd4 dxc4
9.Bxc4 Nc6 10.Be3 O-O 11.O-O b6 12.Ba2 Bb7 13.Qf3 Na5 14.Qg3 Ne4 15.Nxe4 Bxe4
16.Rac1 Nc6 17.d5 Bxd5 18.Bh6 Qf6 19.Bxd5 {#r} 1-0

[Event "It (open)"]
[Site "masterchessopen.com Sant Boi (Spain)"]
[Round "6"]
[White "Gual Pascual Antonio (ESP)"]
[Black "Hernando Rodrigo Julio A (ESP)"]
[Result "0-1"]
[WhiteElo "2453"]
[BlackElo "2323"]

1.d4 Nf6 2.c4 e6 3.Nc3 Bb4 4.e3 c5 5.Ne2 cxd4 6.exd4 O-O 7.a3 Be7 8.d5 exd5
9.cxd5 Bc5 10.Na4 Bb6 11.Nxb6 Qxb6 12.Be3 Qa5+ 13.Nc3 d6 14.Be2 Nbd7 15.O-O
Ne5 16.h3 Ng6 17.Rc1 Bd7 18.Qd4 Rfe8 19.Bg5 Nxd5 20.Nxd5 Rxe2 21.b4 Qxa3
22.Bf6 Bc6 23.Nc3 Re5 24.Bxe5 dxe5 25.Qc4 Nf4 26.Rfe1 Nxg2 27.Rf1 Nf4 28.Kh2
Bd5 29.Qc7 Qxb4 30.Qxe5 Bc6 {#R} 0-1

[Event "Tournament"]
[Site "masterchessopen.com Sao Paulo (Brazil)"]
[Round "6"]
[White "Blank Goncalves Eduardo (BRA)"]
[Black "Valente Rodrigo (BRA)"]
[Result "1-0"]
[WhiteElo "2179"]
[BlackElo "2099"]

1.d4 Nf6 2.c4 e6 3.Nc3 Bb4 4.e3 c5 5.Ne2 d5 6.dxc5 O-O 7.a3 Bxc3+ 8.Nxc3 Nc6
9.cxd5 exd5 10.Be2 Bf5 11.O-O a5 12.Nb5 Ne4 13.Nd6 Nxd6 14.Qxd5 Ne7 15.Qxd6
Qxd6 16.cxd6 Nc8 17.Rd1 Rd8 18.e4 Bxe4 19.Bf4 Nb6 20.Rac1 Bc6 21.h3 Nd7 22.b4
axb4 23.axb4 Ra4 24.Bd2 Nf8 25.b5 Bd5 26.Bg5 f6 27.Rxd5 fxg5 28.Rc7 Rd7 29.Bg4
Rxg4 30.hxg4 Kf7 31.Rxg5 {#r} 1-0

[Event "Ch Russia (juniors) (under 20)"]
[Site "masterchessopen.com Ufa (Russia)"]
[Round "9"]
[White "Iljushin Alexei (RUS)"]
[Black "Bocharov Dmitry (RUS)"]
[Result "1-0"]
[WhiteElo "2509"]
[BlackElo "2438"]

1.d4 Nf6 2.c4 e6 3.Nc3 Bb4 4.e3 c5 5.Ne2 b6 6.a3 Ba5 7.g3 Bb7 8.d5 O-O 9.Bg2
b5 10.O-O bxc4 11.e4 d6 12.Bf4 exd5 13.exd5 Nh5 14.Be3 Nd7 15.g4 Nhf6 16.Bf4
Ne5 17.Bxe5 dxe5 18.h3 Re8 19.Qc2 e4 20.Rad1 Qe7 21.g5 Bxc3 22.Nxc3 Nh5
23.Nxe4 Nf4 24.Rfe1 Kh8 25.d6 Qd8 26.d7 Re7 27.Nf6 gxf6 28.Bxb7 Rb8 29.Qf5 Ne6
30.Qxf6+ Kg8 31.Bc8 {#r} 1-0

[Event "It \"]
[Site "masterchessopen.com Berlin (Germany)"]
[Date "2000.11.27"]
[Round "7"]
[White "Gruenberg K (GER)"]
[Black "Draheim Robert"]
[Result "0-1"]
[WhiteElo "2107"]
[BlackElo "2174"]

1.d4 Nf6 2.c4 e6 3.Nc3 Bb4 4.e3 c5 5.Ne2 cxd4 6.exd4 d5 7.c5 Ne4 8.Be3 O-O
9.Rc1 b6 10.a3 Bxc3+ 11.Nxc3 Nxc3 12.Rxc3 bxc5 13.dxc5 Nc6 14.Bb5 Qc7 15.O-O
Bb7 16.Bc1 Rad8 17.Rh3 f6 18.Bd3 f5 19.b4 e5 20.Bb2 a6 21.Bb1 Bc8 22.Re1 Rfe8
23.Qh5 g6 24.Qd1 f4 25.Rd3 d4 26.Ba2+ Kg7 27.f3 h5 28.g3 fxg3 29.hxg3 Bf5
30.Rd2 e4 31.fxe4 Bxe4 32.Kh2 h4 33.Rg1 hxg3+ 34.Rxg3 Rh8+ {#R} 0-1

[Event "It (open)"]
[Site "masterchessopen.com Avoine (France)"]
[Round "2"]
[White "Vareille Francois (FRA)"]
[Black "Hartereau Philippe (FRA)"]
[Result "1-0"]
[WhiteElo "2402"]
[BlackElo "2150"]

1.d4 Nf6 2.c4 e6 3.Nc3 Bb4 4.e3 c5 5.Ne2 cxd4 6.exd4 d5 7.a3 Be7 8.c5 Nc6 9.b4
e5 10.dxe5 Nxe5 11.Bf4 Ng6 12.Bg3 O-O 13.Nd4 a5 14.Be2 Ne4 15.Nxe4 dxe4 16.Nb5
axb4 17.axb4 Rxa1 18.Qxa1 f5 19.Bc7 Qe8 20.Nd6 Bxd6 21.Bxd6 Rf6 22.h4 f4 23.h5
Nf8 24.h6 Qg6 25.hxg7 Qxg7 26.Qe5 e3 27.fxe3 fxe3 28.Bc4+ Kh8 29.Qxe3 Rf5
30.Rf1 Qa1+ 31.Kd2 Qb2+ 32.Kd3 Ng6 {#r} 1-0

[Event "It (cat.8)"]
[Site "masterchessopen.com Badalona (Spain)"]
[Round "3"]
[White "Gual Pascual Antonio (ESP)"]
[Black "Lopez Orois Jose Manuel (ESP)"]
[Result "0-1"]
[WhiteElo "2414"]
[BlackElo "2147"]

1.d4 Nf6 2.c4 e6 3.Nc3 Bb4 4.e3 c5 5.Ne2 b6 6.a3 Ba5 7.Rb1 Na6 8.Ng3 Bb7 9.Bd3
Bxg2 10.Rg1 Bxc3+ 11.bxc3 Bb7 12.e4 d6 13.Nh5 Nxh5 14.Qxh5 Qf6 15.Bg5 Qg6
16.Qe2 e5 17.Rg3 cxd4 18.cxd4 exd4 19.f4 Qe6 20.e5 Nc5 21.Kf2 dxe5 22.fxe5 h6
{#R} 0-1

[Event "It (cat.8)"]
[Site "masterchessopen.com Belgrade (Yugoslavia)"]
[Round "11"]
[White "Todorov Ognjan (BUL)"]
[Black "Kostic Vladimir (SRB)"]
[Result "0-1"]
[WhiteElo "2381"]
[BlackElo "2400"]

1.d4 Nf6 2.c4 e6 3.Nc3 Bb4 4.e3 c5 5.Ne2 cxd4 6.exd4 d5 7.a3 Be7 8.c5 O-O 9.b4
b6 10.Ng3 Bb7 11.Bd3 Nbd7 12.Bf4 bxc5 13.bxc5 Qa5 14.Qd2 e5 15.Bxe5 Nxe5
16.dxe5 Nd7 17.O-O Nxe5 18.Nf5 Bf6 19.Rfc1 Nxd3 20.Qxd3 Qxc5 21.Ne2 Qa5
22.Ned4 Qa4 23.Rab1 Ba6 24.Qb3 Qxb3 25.Nxb3 Bd3 {#R} 0-1

[Event "It (cat.4)"]
[Site "masterchessopen.com Besancon (France)"]
[Round "7"]
[White "Charnushevich Alexei (FRA)"]
[Black "Renaze Luc (FRA)"]
[Result "1-0"]
[WhiteElo "2489"]
[BlackElo "2284"]

1.d4 Nf6 2.c4 e6 3.Nc3 Bb4 4.e3 c5 5.Ne2 cxd4 6.exd4 Ne4 7.Qc2 d5 8.Ng3 Nxc3
9.bxc3 Be7 10.Bd3 dxc4 11.Bxc4 Bd7 12.O-O Bc6 13.f4 Nd7 14.f5 e5 15.Qe2 Qa5
16.Re1 Bf6 17.Nh5 O-O-O 18.Bxf7 exd4 19.Nxf6 gxf6 20.cxd4 Rhg8 21.Bxg8 Rxg8
22.Bf4 Qd5 23.Qe8+ {#r} 1-0

[Event "Ch Metropolitan"]
[Site "masterchessopen.com Buenos Aires (Argentina)"]
[Round "3"]
[White "Suarez Jose Luis (ARG)"]
[Black "Albarran Gustavo (ARG)"]
[Result "0-1"]
[WhiteElo "2201"]
[BlackElo "2255"]

1.d4 Nf6 2.c4 e6 3.Nc3 Bb4 4.e3 c5 5.Ne2 cxd4 6.exd4 O-O 7.a3 Be7 8.Nf4 d5
9.c5 b6 10.b4 a5 11.Be3 axb4 12.axb4 Rxa1 13.Qxa1 bxc5 14.bxc5 e5 15.dxe5 d4
16.exf6 dxe3 17.Ne4 Bxc5 18.fxe3 Bxe3 19.Nd5 Qxd5 20.fxg7 Bd2+ 21.Nxd2 Re8+
22.Be2 Qxg2 {#R} 0-1

[Event "It (open) (blitz)"]
[Site "masterchessopen.com Dordrecht (Netherlands)"]
[Round "16"]
[White "Lautier Joel (FRA)"]
[Black "Timman Jan H (NED)"]
[Result "1-0"]
[WhiteElo "2653"]
[BlackElo "2600"]

1.d4 Nf6 2.c4 e6 3.Nc3 Bb4 4.e3 c5 5.Ne2 cxd4 6.exd4 O-O 7.a3 Be7 8.Nf4 d6
9.Be3 Nbd7 10.Be2 e5 11.Nfd5 Nxd5 12.Nxd5 Nf6 13.Nxe7+ Qxe7 14.O-O Bf5 15.b4
Rfe8 16.dxe5 dxe5 17.h3 h6 18.Qb3 Qe6 19.Rfd1 b6 20.a4 a5 21.Bf1 Nd7 22.Ra2
axb4 23.Qxb4 Rec8 24.Rd6 Qe7 25.Rxb6 Qd8 26.Rb5 Qc7 27.a5 Qc6 28.Rd2 Nb8
29.Rxe5 Be6 30.Qe7 Na6 31.Rd6 Qe8 32.Qxe8+ Rxe8 33.Bb6 {#r} 1-0

[Event "Ch England (team) 2001/02 (2 div)"]
[Site "masterchessopen.com England"]
[Round "3"]
[White "Richmond Robert (ENG)"]
[Black "Harley Andrew (ENG)"]
[Result "0-1"]
[WhiteElo "2234"]
[BlackElo "2258"]

1.d4 e6 2.c4 Nf6 3.Nc3 Bb4 4.e3 c5 5.Ne2 cxd4 6.exd4 O-O 7.g3 d5 8.cxd5 Qxd5
9.Rg1 Nc6 10.Bg2 Qa5 11.Bd2 Qd8 12.Bxc6 bxc6 13.Qa4 Qb6 14.a3 Be7 15.Qc2 Ba6
16.Na4 Qb5 17.Nec3 Qh5 18.h4 e5 19.g4 Nxg4 20.Qd1 f5 21.dxe5 Qxh4 22.Qf3 Nxe5
23.Qg2 Qg4 24.Qxg4 fxg4 25.O-O-O Rxf2 26.Ne4 Rff8 27.Bc3 Ng6 28.Rxg4 Be2 {#R}
0-1

[Event "Ch England (team) 2001/02 (3 div)"]
[Site "masterchessopen.com England"]
[Round "1"]
[White "Wise David (ENG)"]
[Black "Winfridsson Ola (SWE)"]
[Result "1-0"]
[WhiteElo "2193"]
[BlackElo "2032"]

1.d4 Nf6 2.c4 e6 3.Nc3 Bb4 4.e3 c5 5.Ne2 b6 6.a3 Ba5 7.Qc2 Bb7 8.f3 Nh5 9.h4
f5 10.Bd2 O-O 11.O-O-O Qe7 12.Kb1 Rc8 13.d5 exd5 14.cxd5 Qe5 15.f4 Qf6 16.e4
a6 17.e5 Qf7 18.g4 Bxc3 19.Nxc3 Ng3 20.Rg1 Ne4 21.gxf5 Nxc3+ 22.Bxc3 Bxd5
23.Rxd5 {#r} 1-0

[Event "Ch France (team) 2001"]
[Site "masterchessopen.com France"]
[Round "2"]
[White "Lautier Joel (FRA)"]
[Black "Winants Luc (BEL)"]
[Result "1-0"]
[WhiteElo "2653"]
[BlackElo "2497"]

1.d4 Nf6 2.c4 e6 3.Nc3 Bb4 4.e3 c5 5.Ne2 cxd4 6.exd4 O-O 7.a3 Be7 8.Nf4 d5
9.cxd5 Nxd5 10.Ncxd5 exd5 11.Bd3 Nc6 12.O-O Bg5 13.Re1 h6 14.Bc2 Qd6 15.g3 Bd8
{ ?!N } 16.Nh5 ( 16.Be3 Bb6 { ? } ) ( 16.b4 { !? } ) 16...g5 { ?! } ( 16...Bb6
17.Bf4 Qd8 18.Qd3 g6 19.Be5 ( 19.Bxh6 { ? } 19...Bf5 { ? } ) 19...Nxe5 20.dxe5
Bf5 21.Qe2 gxh5 22.Bxf5 Qg5 23.Qf3 { ± } ) ( { ? } 16...Bh3 ) 17.Qd3 { ?! } (
17.b4 { !± } ) 17...Qg6 { ! } ( 17...f5 18.Bd2 { ± } ) 18.Qd1 ( 18.Qxg6+ { ?!
} 18...fxg6 19.Bxg6 Nxd4 { ? } ) 18...Qd6 { ?! } ( 18...f5 19.b4 a6 { ? } (
19...Bd7 20.b5 Na5 21.Bd2 Nc4 22.Bb4 Re8 23.Qf3 { ? } ) ) ( 18...Bf5 { ! }
19.Bxf5 Qxf5 20.g4 Qg6 21.Ng3 Bb6 22.Nf5 Rae8 23.Be3 Ne7 { = } ) 19.b4 { !± }
19...a6 ( 19...f5 20.b5 Ne7 21.Bd2 { ± } ) 20.Bb2 Bh3 { ? } ( 20...f5 21.Qf3 {
? } ) 21.g4 Bc7 22.Re5 { !+?? } 22...f5 ( 22...Nxe5 23.dxe5 Qc6 24.Qd3 { +?? }
) 23.Bxf5 ( 23.gxf5 { ? } 23...Bxf5 24.Bxf5 Rxf5 25.Rxf5 Qxh2+ 26.Kf1 Qh3+ {
??+ } ) 23...Rxf5 24.gxf5 Bxf5 25.Qf3 Nxe5 26.dxe5 Qe6 27.Nf6+ Kh8 28.Nxd5 Bd8
29.Ne3 Bh3 30.Qxb7 Rc8 31.Rd1 ( 31.Rd1 Be7 32.Rd6 { +?? } ) {#r} 1-0

[Event "Bayern Regionalliga Southeast 2000/01"]
[Site "masterchessopen.com Germany"]
[Round "4"]
[White "Hahn Winfried Prof Dr (GER)"]
[Black "Hartl Aldo (GER)"]
[Result "0-1"]
[WhiteElo "2082"]
[BlackElo "2146"]

1.d4 Nf6 2.c4 e6 3.Nc3 Bb4 4.e3 c5 5.Ne2 b6 6.Bd2 cxd4 7.exd4 O-O 8.a3 Be7
9.Ng3 Bb7 10.f3 d5 11.Be3 Nc6 12.cxd5 Nxd5 13.Nxd5 Qxd5 14.Bd3 Rad8 15.Qc2
Nxd4 16.Bxd4 Qxd4 17.Bxh7+ Kh8 18.Be4 Ba6 19.Qc3 Qxc3+ 20.bxc3 Rc8 21.Ne2 Rfd8
22.g4 Bh4+ 23.Ng3 Rxc3 24.a4 f5 25.gxf5 exf5 26.Bxf5 Rxf3 27.Bg4 Rf4 28.Bh5
Be7 {#R} 0-1

[Event "Bundesliga (2nd) South 2000/01"]
[Site "masterchessopen.com Germany"]
[Round "9"]
[White "Trachtmann Mark (GER)"]
[Black "Gruenberg Hans-Ulrich (GER)"]
[Result "1-0"]
[WhiteElo "2303"]
[BlackElo "2447"]

1.d4 Nf6 2.c4 e6 3.Nc3 Bb4 4.e3 c5 5.Ne2 b6 6.a3 Ba5 7.Rb1 Na6 8.Bd2 O-O 9.Nf4
d6 10.Bd3 Bb7 11.O-O e5 12.Nfe2 Bxc3 13.Bxc3 cxd4 14.exd4 e4 15.Bc2 d5 16.cxd5
Nc7 17.Ng3 Ncxd5 18.Bd2 Re8 19.Re1 h6 20.f3 e3 21.Bc1 Ba6 22.Nf5 e2 23.Qd2 Ne7
24.Ng3 Nc6 25.Nf5 Re6 26.b4 Bc4 27.b5 Na5 28.Ne3 Nd5 29.Nf5 Qf6 30.a4 Rae8
31.Be4 h5 32.Ng3 h4 33.Nxe2 Bxe2 34.Rxe2 {#r} 1-0

[Event "Bundesliga 2001/02"]
[Site "masterchessopen.com Germany"]
[Round "2"]
[White "Berkvens Joost (NED)"]
[Black "Stohl Igor (SVK)"]
[Result "0-1"]
[WhiteElo "2428"]
[BlackElo "2534"]

1.d4 Nf6 2.c4 e6 3.Nc3 Bb4 4.e3 c5 5.Ne2 cxd4 6.exd4 O-O 7.a3 Be7 8.Nf4 d6
9.Be2 a6 10.Be3 Nbd7 11.O-O Re8 12.b4 b6 13.Qb3 Bb7 14.Rfc1 g6 15.Nd3 Ne4
16.c5 Nxc3 17.Rxc3 dxc5 18.bxc5 Bd5 19.Qc2 bxc5 20.dxc5 Bf6 21.Rc1 Bxc3
22.Qxc3 Qf6 23.c6 Qxc3 24.Rxc3 Nf6 25.Nb4 a5 26.Na6 Rec8 {#R} 0-1

[Event "It (open) \"]
[Site "masterchessopen.com Kavala (Greece)"]
[Round "5"]
[White "Nikolaidis Konstantinos (GRE)"]
[Black "Dorfanis Ilarion (GRE)"]
[Result "1-0"]
[WhiteElo "2361"]
[BlackElo "2142"]

1.d4 Nf6 2.c4 e6 3.Nc3 Bb4 4.e3 c5 5.Ne2 cxd4 6.exd4 d5 7.c5 O-O 8.a3 Ba5 9.g3
Nbd7 10.b4 Bc7 11.Bg2 e5 12.O-O exd4 13.Nxd4 Ne5 14.Bg5 Be6 15.Ndb5 Bb8
16.Nxd5 Bxd5 17.Bxf6 Qxf6 18.Qxd5 Nc6 19.Nd6 Rd8 20.Rad1 a6 21.Rd2 Bc7 22.Rfd1
h6 23.Qf3 Qxf3 24.Bxf3 Bxd6 25.Rxd6 Rdc8 26.Rd7 Ne5 27.Bxb7 Nxd7 28.Bxc8 Rxc8
29.Rxd7 a5 30.Rb7 axb4 31.axb4 Kf8 {#r} 1-0

[Event "It (cat.3)"]
[Site "masterchessopen.com Le Touquet (France)"]
[Round "7"]
[White "Mancini Mario (FRA)"]
[Black "Inkiov Ventzislav (BUL)"]
[Result "0-1"]
[WhiteElo "2291"]
[BlackElo "2500"]

1.d4 Nf6 2.c4 e6 3.Nc3 Bb4 4.e3 c5 5.Ne2 b6 6.a3 Ba5 7.d5 O-O 8.Bd2 Ba6 9.Qa4
Bxc3 10.Nxc3 exd5 11.cxd5 Bxf1 12.Kxf1 d6 13.g3 Nbd7 14.Kg2 a6 15.b4 Re8 16.f3
Ne5 17.bxc5 dxc5 18.e4 b5 19.Qc2 b4 20.Na4 Nxf3 21.Kxf3 Nxe4 22.Nxc5 Rc8
23.Bxb4 Qxd5 24.Qd3 Qf5+ 25.Kg2 Qf2+ 26.Kh3 Nxc5 27.Qf1 Ne4 28.Re1 a5 29.Bxa5
Qa7 30.Qb5 Nf2+ 31.Kg2 Qa8+ {#R} 0-1

[Event "It (open)"]
[Site "masterchessopen.com Ljubljana (Slovenia)"]
[Round "5"]
[White "Raspor Gregor (SLO)"]
[Black "Stubljar Andrej (SLO)"]
[Result "1-0"]
[WhiteElo "2098"]
[BlackElo "2161"]

1.d4 Nf6 2.c4 e6 3.Nc3 Bb4 4.e3 c5 5.Ne2 b6 6.a3 Ba5 7.d5 Ne4 8.Qc2 f5 9.Rb1
Qe7 10.dxe6 Nc6 11.f3 Bxc3+ 12.bxc3 Nd6 13.exd7+ Bxd7 14.Nf4 O-O-O 15.Bd3 Ne5
16.O-O g5 17.Nd5 Qf7 18.e4 f4 19.a4 Bxa4 20.Qxa4 Nxd3 21.Ba3 Qb7 22.Qc2 Nxc4
23.Qxd3 Nxa3 24.Ra1 c4 25.Qe2 Nb5 26.Qxc4+ Nc7 27.Ne7+ Kd7 28.Nf5 Kc8 29.Ne7+
Kd7 30.Nf5 Kc8 31.Nd4 b5 32.Qc5 Qb6 33.Qxg5 Rhg8 34.Qxf4 {#r} 1-0